India-US Relations in the Era: (Record no. 205172)

MARC details
000 -LEADER
fixed length control field 00974nam a22002177a 4500
005 - DATE AND TIME OF LATEST TRANSACTION
control field 20251029122316.0
010 ## - LCCN (DPL NO)
LC control number ENG-141361 ENG-147009
020 ## - INTERNATIONAL STANDARD BOOK NUMBER
International Standard Book Number 9788119798766
Terms of availability 499.00
035 ## - SYSTEM CONTROL NUMBER
System control number EN-124893
035 ## - SYSTEM CONTROL NUMBER
System control number EN-130541
037 ## - SOURCE OF ACQUISITION
Source of stock number/acquisition DBAD
082 ## - DEWEY DECIMAL CLASSIFICATION NUMBER
Classification number 327.73054
245 ## - TITLE STATEMENT
Title India-US Relations in the Era:
Remainder of title Aligned but Autonomous/
Statement of responsibility, etc Edited By Harsh V Pant [and] Vivek Lall
260 ## - PUBLICATION, DISTRIBUTION, ETC. (IMPRINT)
Place of publication, distribution, etc New Delhi
Name of publisher, distributor, etc Har Anand Publications Pvy Ltd
Date of publication, distribution, etc 2024
270 ## - ADDRESS
Address E-49/3, Okhla Industrial Area, Phase-II
City New Delhi
Postal code 110020
State or province New Delhi
Telephone number 011-41603490
Fax number 011-41708607
Electronic mail address info@haranandpublications.com
300 ## - PHYSICAL DESCRIPTION
Extent 109p.
Dimensions 23cm(hb)
700 ## - ADDED ENTRY--PERSONAL NAME
Personal name Pant, Harsh V
Relator term Editor
9 (RLIN) 70377
700 ## - ADDED ENTRY--PERSONAL NAME
Personal name Lall, Vivek
Relator term Editor
9 (RLIN) 70378
942 ## - ADDED ENTRY ELEMENTS (KOHA)
Source of classification or shelving scheme Dewey Decimal Classification
Item type English Books
Classification part 327.73054
Call number suffix IND
Holdings
Withdrawn status Lost status Not for loan Collection code Home library Current library Date acquired Source of acquisition Cost, normal purchase price Full call number Barcode Copy number Cost, replacement price Koha item type
      Non-fiction Central Library Central Library 21/08/2024 Delivery of Books Act Division 499.00 327.73054 IND EN-124893 1 499.00 English Books
      Non-fiction Sarojini Nagar Sarojini Nagar 29/10/2025 Delivery of Books Act Division 499.00 327.73054 IND EN-130541 1 499.00 English Books

© Delhi Public Library
Hit Counter
free hit counter